000 00360pab a2200145 454500
008 180718b2004 xxu||||| |||| 00| 0 eng d
100 _aShekhar, Beulah
245 _aCounselors - victims of secondary traumatic stress
260 _c2004
300 _ap.20-23
362 _aApr
650 _aVocational guidance
773 _aSocial Welfare
909 _a60053
999 _c60053
_d60053